The Nth country problem and arms control /

Saved in:
Bibliographic Details
Corporate Author: National Planning Association (U.S.)
Other Authors: Davidon, William C.
Format: Book
Language:English
Published: Washington : National Planning Association, 1960.
Series:Planning pamphlet (National Planning Association (U.S.)) ; no. 108.
Subjects:
LEADER 01296nam a2200289 i 4500
001 c000384877
003 CARM
005 00000000000000.0
008 690403s1960 00000 eng d
019 1 |a 2539093  |5 LACONCORD2021 
035 |a (OCoLC)332819  |5 LACONCORD2021 
040 |a VDU  |c VDU 
050 0 0 |a JX1974.7.N3 
082 0 4 |a 341.672 
110 2 0 |a National Planning Association (U.S.) 
240 1 0 |a Special Project Committee on Security through Arms Control. 
245 1 4 |a The Nth country problem and arms control /  |c a statement by the NPA Special Project Committee on Security through Arms Control and A technical report by William C. Davidon, Marvin I. Kalkstein, and Christoph Hohenemser. [A special committee report] 
260 |a Washington :  |b National Planning Association,  |c 1960. 
300 |a xxi, 41 p ;  |c 23 cm. 
490 0 |a Planning pamphlet (National Planning Association (U.S.)) ;  |v no. 108. 
650 0 |a Nuclear disarmament. 
650 0 |a Nuclear nonproliferation. 
650 0 |a Nuclear weapons. 
700 1 |a Davidon, William C. 
852 8 |b CARM  |h A3:AD21A0  |i B11687  |p 0479578  |f BK 
999 f f |i 1640fb90-3421-59da-adfc-6de946666e3f  |s 623c1f0f-dae3-5d6c-bf12-3abe3e39dd31 
952 f f |p Can circulate  |a CAVAL  |b CAVAL  |c CAVAL  |d CARM 1 Store  |e B11687  |f A3:AD21A0  |h Other scheme  |i book  |m 0479578